Residential development land values halve in 12 months, according to Knight Frank index (Record no. 81432)

MARC details
000 -LEADER
fixed length control field 01141cad a22002175a 4500
001 - CONTROL NUMBER
control field E147209
008 - FIXED-LENGTH DATA ELEMENTS--GENERAL INFORMATION
fixed length control field 090416e20090403xxk 000 0 eng d
035 ## - SYSTEM CONTROL NUMBER
System control number (Sirsi) u147209
041 0# - LANGUAGE CODE
Language code of text/sound track or separate title eng
110 2# - MAIN ENTRY--CORPORATE NAME
Corporate name or jurisdiction name as entry element Knight Frank
9 (RLIN) 1530
245 00 - TITLE STATEMENT
Title Residential development land values halve in 12 months, according to Knight Frank index
Medium [electronic publication]
260 ## - PUBLICATION, DISTRIBUTION, ETC.
Date of publication, distribution, etc. 2009
490 ## - SERIES STATEMENT
Series statement Knight Frank Press Release
Volume/sequential designation 3 April 2009
520 ## - SUMMARY, ETC.
Summary, etc. The value of development land fell by 50% during 2008, with the largest falls in the 4th quarter of 2008 seen in London prime and super-prime, according to the Knight Frank Residential Development Land Index. The value of urban land in Yorkshire and Humberside saw the sharpest falls over the year, dropping by 64%.
590 ## - LOCAL NOTE (RLIN)
Local note KA
650 24 - SUBJECT ADDED ENTRY--TOPICAL TERM
Topical term or geographic name entry element KNIGHT FRANK RESIDENTIAL DEVELOPMENT LAND INDEX
651 #4 - SUBJECT ADDED ENTRY--GEOGRAPHIC NAME
Geographic name United Kingdom
Chronological subdivision
690 ## - LOCAL SUBJECT ADDED ENTRY--TOPICAL TERM (OCLC, RLIN)
Topical term or geographic name as entry element PROPERTY-RESIDENTIAL PROPERTY-RESIDENTIAL PROPERTY MARKET
856 40 - ELECTRONIC LOCATION AND ACCESS
Uniform Resource Identifier <a href="https://www.knightfrank.co.uk/press/Residential-development-land-values-halve-in-12-months.aspx">https://www.knightfrank.co.uk/press/Residential-development-land-values-halve-in-12-months.aspx</a>
Public note View the news release free of charge at www.knightfrank.co.uk...
942 ## - ADDED ENTRY ELEMENTS (KOHA)
Suppress in OPAC 0
Holdings
Withdrawn status Lost status Source of classification or shelving scheme Damaged status Not for loan Home library Current library Shelving location Date acquired Total Checkouts Full call number Barcode Date last seen Copy number Price effective from Koha item type
    Dewey Decimal Classification     Virtual Virtual Online 16/04/2009   ONLINE PUBLICATION 147209-2001 06/08/2019 1 06/08/2019 Journal article